| 000 | 00541cam a2200217ua 4500 | ||
|---|---|---|---|
| 001 | 9532 | ||
| 008 | 160125n ii |||gr||||Z||||||eng | ||
| 020 | _a9780143417699 | ||
| 040 | _cMAIN | ||
| 041 | _aeng | ||
| 082 | _a823.954 | ||
| 100 |
_aSingh, Nikita, _eAuthor. |
||
| 245 |
_aSomeone like you _cby Nikita Singh |
||
| 250 | _a1st ed. | ||
| 260 |
_aNew Delhi: _bPenguin metro reads, _c2012. |
||
| 300 | _a250p. | ||
| 653 | _aEnglish fiction | ||
| 653 | _aIndian fiction in English | ||
| 700 |
_aDatta, Durjoy, _eAuthor. |
||
| 942 | _cBK | ||
| 999 |
_c8564 _d8564 |
||